[Event "XXVII. Rhein-Main-Open, Gruppe B"]
[Site "Bad Homburg vor der Höhe"]
[Date "2025.06.20"]
[Round "4.23"]
[White "Krombach, Karl-Heinz"]
[Black "Fonseca, Luis"]
[Result "1/2-1/2"]
[WhiteElo "1899"]
[BlackElo "1794"]
[PlyCount "103"]
[EventDate "2025.06.18"]
[WhiteTeam "SC Hilchenbach"]
[BlackTeam "Sabt Frankfurter TV 1860"]

1. Nf3 Nf6 2. d4 g6 3. c4 Bg7 4. Nc3 d5 5. e3 O-O 6. Qb3 c6 7. Be2 Qc7 8. Bd2 dxc4 9. Bxc4 Bf5 10. Rc1 Nbd7 11. Be2 Nb6 12. h3 Qd6 13. Ne5 Nfd7 14. Nxd7 Qxd7 15. Na4 Nxa4 16. Qxa4 Be6 17. Bf3 Bd5 18. Bxd5 Qxd5 19. O-O e5 20. Bb4 Rfe8 21. dxe5 Rxe5 22. Bc3 Rg5 23. e4 Qe6 24. f4 Rg3 25. Kh2 Re3 26. Bxg7 Rxe4 27. Bd4 Qd6 28. Be5 Qxe5 29. fxe5 Rxa4 30. a3 Re4 31. Rfe1 Rxe1 32. Rxe1 Rd8 33. Re3 Kf8 34. Kg3 Ke7 35. b4 Ke6 36. Kf4 h6 37. h4 Rd4+ 38. Kg3 Rd5 39. Kf4 Rd4+ 40. Kg3 f6 41. exf6+ Kxf6 42. Rf3+ Ke6 43. Re3+ Kf6 44. Rf3+ Ke5 45. Rf7 Rd3+ 46. Kh2 Rxa3 47. Rxb7 Rb3 48. Rc7 Rxb4 49. Rxc6 Rxh4+ 50. Kg3 g5 51. Ra6 Kf5 52. Rxa7 1/2-1/2

[Event "XXVII. Rhein-Main-Open, Gruppe B"]
[Site "Bad Homburg vor der Höhe"]
[Date "2025.06.20"]
[Round "4.24"]
[White "Lebermann, Hellmuth"]
[Black "Pichl, Johann"]
[Result "1/2-1/2"]
[WhiteElo "1886"]
[BlackElo "1705"]
[PlyCount "40"]
[EventDate "2025.06.18"]
[WhiteTeam "SK Bad Homburg 1927"]
[BlackTeam "SK Bad Homburg 1927"]

1. e4 d5 2. d4 e6 3. Nc3 dxe4 4. Nxe4 Bd7 5. c3 Bc6 6. Ng3 Nf6 7. Nf3 Bd6 8. Bd3 Nbd7 9. O-O h6 10. Re1 O-O 11. Ne4 Nxe4 12. Bxe4 Bxe4 13. Rxe4 c6 14. Bf4 Nf6 15. Bxd6 Nxe4 16. Bxf8 Qxf8 17. Qb3 Qe7 18. Re1 Nf6 19. Ne5 Qc7 20. h3 Qb6 1/2-1/2

[Event "XXVII. Rhein-Main-Open, Gruppe B"]
[Site "Bad Homburg vor der Höhe"]
[Date "2025.06.20"]
[Round "4.26"]
[White "Ghaznavi, Massoud"]
[Black "Leopold, Dieter"]
[Result "0-1"]
[WhiteElo "1655"]
[BlackElo "1818"]
[PlyCount "128"]
[EventDate "2025.06.18"]
[WhiteTeam "SV Oberursel"]
[BlackTeam "SK Königsspringer Wewels"]

1. d4 Nf6 2. c4 e6 3. Nc3 Bb4 4. Bd2 O-O 5. a3 Bxc3 6. Bxc3 Ne4 7. Bb4 d6 8. Nf3 a5 9. Bd2 b6 10. e3 Bb7 11. Be2 Nd7 12. O-O f5 13. Qc2 Ndf6 14. h3 Qe7 15. b4 axb4 16. Bxb4 c5 17. Bd2 e5 18. d5 Ra6 19. Bc1 Rfa8 20. Bb2 Bc8 21. Rfd1 Bd7 22. Qc1 Be8 23. Nh2 Ra5 24. f3 Ng5 25. e4 f4 26. Bc3 R5a6 27. Rd2 Qa7 28. Rda2 Ba4 29. Qb2 h6 30. Be1 Nf7 31. Nf1 Be8 32. Kh1 Ba4 33. g3 Qd7 34. Kh2 fxg3+ 35. Nxg3 Ng5 36. Nf5 Nxh3 37. Kxh3 g6 38. Bh4 Nh5 39. Rg1 Kh7 40. Kg4 Rg8 41. Kh3 Nf4+ 42. Kh2 gxf5 43. Rxg8 Kxg8 44. Bg3 fxe4 45. Bxf4 exf4 46. fxe4 Qe7 47. Bf3 Qh4+ 48. Kg1 Qg3+ 49. Qg2 Qxg2+ 50. Rxg2+ Kh7 51. Rg4 b5 52. cxb5 Bxb5 53. Rxf4 Rxa3 54. Bh5 c4 55. Rf7+ Kg8 56. Rf6 c3 57. Rg6+ Kh7 58. Rg2 Bd3 59. Bg6+ Kh8 60. e5 Bxg6 61. Rxg6 c2 62. Rxh6+ Kg7 63. Rxd6 c1=Q+ 64. Kf2 Qd2+ 0-1

[Event "XXVII. Rhein-Main-Open, Gruppe B"]
[Site "Bad Homburg vor der Höhe"]
[Date "2025.06.20"]
[Round "4.27"]
[White "Nikonenko, Tymofii"]
[Black "Spiegel, Nina"]
[Result "0-1"]
[WhiteElo "1495"]
[BlackElo "1696"]
[PlyCount "98"]
[EventDate "2025.06.18"]
[WhiteTeam "SV Oberursel"]
[BlackTeam "Sfr Stiller Zug Wiesbaden"]

1. d4 e6 2. c4 d5 3. Nc3 c6 4. Nf3 f5 5. Bg5 Nf6 6. e3 Be7 7. cxd5 exd5 8. Bd3 Ne4 9. Bxe7 Qxe7 10. Bxe4 fxe4 11. Ne5 O-O 12. O-O Nd7 13. Nxd7 Bxd7 14. Ne2 Qg5 15. Ng3 Bg4 16. Qb3 Rf7 17. h3 Bc8 18. Qd1 Be6 19. Qh5 Qxh5 20. Nxh5 Raf8 21. a4 Rf5 22. Nf4 Bd7 23. b4 g5 24. Ne2 a6 25. a5 R5f6 26. Nc3 g4 27. hxg4 Bxg4 28. Ra2 Rg6 29. Rb1 Bf3 30. Kf1 Rxg2 31. Ne2 Rf6 32. Ng3 Rg6 33. Ke1 R6xg3 34. fxg3 Rxa2 35. Rb3 Rg2 36. Kf1 Rxg3 37. Rb2 Rh3 38. Rb3 h5 39. Kf2 h4 40. b5 axb5 41. a6 bxa6 42. Ra3 Rh2+ 43. Kg1 Rg2+ 44. Kf1 h3 45. Rxa6 h2 46. Ra8+ Kg7 47. Ra7+ Kh6 48. Rh7+ Kxh7 49. Ke1 h1=Q# 0-1

[Event "XXVII. Rhein-Main-Open, Gruppe B"]
[Site "Bad Homburg vor der Höhe"]
[Date "2025.06.20"]
[Round "4.31"]
[White "Piacentino, Mirco"]
[Black "Müller, Jens"]
[Result "1-0"]
[WhiteElo "1623"]
[BlackElo "1692"]
[PlyCount "47"]
[EventDate "2025.06.18"]
[WhiteTeam "SV 1934 Ffm-Griesheim"]
[BlackTeam "SV 1920 Hofheim"]

1. e4 c6 2. d4 d5 3. exd5 cxd5 4. c4 Nf6 5. Nc3 Nc6 6. Bg5 dxc4 7. Bxc4 Qxd4 8. Qxd4 Nxd4 9. O-O-O Nc6 10. Nb5 Bd7 11. Nc7+ Kd8 12. Nxa8 h6 13. Bxf6 exf6 14. Bxf7 Bc5 15. Be6 Nb8 16. Nf3 Re8 17. Bxd7 Nxd7 18. Rd2 Bb4 19. Rc2 Bd6 20. Rd1 Bb8 21. Nh4 g5 22. Nf5 g4 23. g3 h5 24. Rcd2 1-0

[Event "XXVII. Rhein-Main-Open, Gruppe B"]
[Site "Bad Homburg vor der Höhe"]
[Date "2025.06.20"]
[Round "4.34"]
[White "Graschdankin, Roman"]
[Black "Moldenhauer, Nils"]
[Result "1-0"]
[WhiteElo "1756"]
[BlackElo "1639"]
[PlyCount "73"]
[EventDate "2025.06.18"]
[WhiteTeam "SK Bad Homburg 1927"]
[BlackTeam "SV Oberursel"]

1. d4 d5 2. Bf4 Nf6 3. e3 Bf5 4. c4 e6 5. a3 Bd6 6. Bg3 O-O 7. Nc3 Nbd7 8. Nf3 Qe7 9. Ne5 c6 10. c5 Bb8 11. f4 Ne4 12. Be2 Ndf6 13. Bh4 Qe8 14. Bxf6 Nxf6 15. O-O h6 16. b4 a6 17. a4 Qe7 18. Bf3 Rd8 19. Kh1 Ne4 20. Nxe4 Bxe4 21. Bxe4 dxe4 22. Qc2 f5 23. Rg1 Qf6 24. g4 Bxe5 25. fxe5 Qe7 26. gxf5 exf5 27. Qg2 Qf7 28. Qg6 Qxg6 29. Rxg6 Rd7 30. Rf1 Rf7 31. e6 Rff8 32. Rfg1 Rab8 33. Rxg7+ Kh8 34. e7 Rfe8 35. Rf7 Rg8 36. Rf1 Rbe8 37. R1xf5 1-0

[Event "XXVII. Rhein-Main-Open, Gruppe B"]
[Site "Bad Homburg vor der Höhe"]
[Date "2025.06.20"]
[Round "4.35"]
[White "Jacoby, Jermaine"]
[Black "Riazi, Dominik"]
[Result "0-1"]
[WhiteElo "1579"]
[BlackElo "1607"]
[PlyCount "72"]
[EventDate "2025.06.18"]
[WhiteTeam "SK Bad Homburg 1927"]
[BlackTeam "SK Bad Homburg 1927"]

1. e4 e5 2. Nc3 Nf6 3. f4 d5 4. fxe5 Nxe4 5. Qf3 f5 6. d3 Nxc3 7. bxc3 d4 8. Qg3 Nc6 9. Be2 Be6 10. Bf3 Qd7 11. Ne2 dxc3 12. O-O Bc5+ 13. Kh1 O-O 14. a3 Rae8 15. Rb1 b6 16. Nxc3 Nd4 17. Bh6 Kh8 18. Be3 Nxc2 19. Bxc5 bxc5 20. Qf2 Nd4 21. Bd1 Bd5 22. Ba4 Bc6 23. Bxc6 Qxc6 24. Ne4 h6 25. Rfc1 fxe4 26. Qxd4 cxd4 27. Rxc6 exd3 28. Rc4 Rxe5 29. Rxd4 Rfe8 30. h3 Re1+ 31. Rxe1 Rxe1+ 32. Kh2 Rd1 33. Kg3 c5 34. Rd8+ Kh7 35. Kf3 c4 36. Rc8 Rf1+ 0-1

[Event "XXVII. Rhein-Main-Open, Gruppe B"]
[Site "Bad Homburg vor der Höhe"]
[Date "2025.06.20"]
[Round "4.36"]
[White "Kellermann, Friedrich"]
[Black "Neff, Oliver"]
[Result "1/2-1/2"]
[WhiteElo "1625"]
[BlackElo "1706"]
[PlyCount "33"]
[EventDate "2025.06.18"]
[WhiteTeam "SC Hilchenbach"]
[BlackTeam "SG Wartturm Schaafheim"]

1. c4 e5 2. Nc3 Nf6 3. g3 Bc5 4. e3 c6 5. Nge2 d5 6. cxd5 Nxd5 7. Bg2 Be6 8. O-O O-O 9. d4 exd4 10. exd4 Be7 11. Nf4 Nxf4 12. Bxf4 Bc4 13. Re1 Bf6 14. Be5 Nd7 15. b3 Ba6 16. Bxf6 Nxf6 17. d5 1/2-1/2

[Event "XXVII. Rhein-Main-Open, Gruppe B"]
[Site "Bad Homburg vor der Höhe"]
[Date "2025.06.20"]
[Round "4.37"]
[White "Saar, Gabriel"]
[Black "Lao, Theodora Siyuan"]
[Result "1-0"]
[WhiteElo "1729"]
[BlackElo "1587"]
[PlyCount "117"]
[EventDate "2025.06.18"]
[WhiteTeam "SG Wartturm Schaafheim"]
[BlackTeam "SK Bad Homburg 1927"]

1. e4 e5 2. Nf3 Nc6 3. Bc4 Nf6 4. Ng5 d5 5. exd5 Na5 6. Bb5+ c6 7. dxc6 bxc6 8. Bd3 h6 9. Ne4 Nxe4 10. Bxe4 Bc5 11. Qf3 Bd7 12. c3 Bb6 13. b4 Nb7 14. Bxc6 Bxc6 15. Qxc6+ Qd7 16. Qxd7+ Kxd7 17. Bb2 Rhe8 18. c4 a5 19. a3 Bd4 20. Nc3 Nd6 21. d3 e4 22. O-O-O exd3 23. Rxd3 Bxc3 24. Bxc3 Kc7 25. c5 Ne4 26. Bd4 Rad8 27. Rhd1 axb4 28. axb4 g6 29. f3 Ng5 30. Bf6 Rxd3 31. Rxd3 Ne6 32. g3 Ra8 33. Kb2 Kc6 34. Kb3 h5 35. Rd6+ Kc7 36. Be5 Kc8 37. Rd2 Ra7 38. c6 Re7 39. f4 g5 40. Ra2 Nc7 41. Bxc7 Kxc7 42. Ra7+ Kd6 43. Rxe7 Kxe7 44. fxg5 Kd6 45. b5 Kc7 46. Kc4 Kd6 47. h3 Kc7 48. Kc5 Kc8 49. b6 Kb8 50. Kd6 Kc8 51. b7+ Kb8 52. Kd7 Ka7 53. Kc8 Ka6 54. b8=Q Ka5 55. Qb3 h4 56. gxh4 f6 57. gxf6 Ka6 58. Qb4 Ka7 59. Qb7# 1-0

[Event "XXVII. Rhein-Main-Open, Gruppe B"]
[Site "Bad Homburg vor der Höhe"]
[Date "2025.06.20"]
[Round "4.39"]
[White "Pfaff, Helmut"]
[Black "Viraj Sarawgi"]
[Result "0-1"]
[WhiteElo "1512"]
[BlackElo "1475"]
[PlyCount "92"]
[EventDate "2025.06.18"]
[WhiteTeam "Vorw.Orient Mainz"]

1. c4 e5 2. e4 Nf6 3. Nc3 d6 4. Be2 Be7 5. Nf3 Nbd7 6. b4 h6 7. Nd5 Nxe4 8. Nxe7 Qxe7 9. O-O Nef6 10. Nh4 O-O 11. Nf5 Qd8 12. d4 exd4 13. Nxd4 Ne5 14. f4 Ng6 15. f5 Ne7 16. Nb3 Bxf5 17. Bf3 c6 18. Ba3 Qc7 19. b5 c5 20. Bb2 Nh7 21. Bg4 Bg6 22. a4 Rfd8 23. Bf3 Ng5 24. Bh5 d5 25. Nd4 dxc4 26. Bxg6 Nxg6 27. Qg4 cxd4 28. Bxd4 Ne5 29. Bxe5 Qxe5 30. Qxc4 Qd4+ 31. Qxd4 Rxd4 32. Rad1 Rxa4 33. Ra1 Rxa1 34. Rxa1 Ne6 35. Rc1 Nd4 36. Rb1 Re8 37. h4 Re5 38. b6 a6 39. Kh2 Rb5 40. Rd1 Nf5 41. g3 Rxb6 42. Rd8+ Kh7 43. Rd5 Rb2+ 44. Kh3 Kg6 45. Kg4 Ne3+ 46. Kf3 Nxd5 0-1

[Event "XXVII. Rhein-Main-Open, Gruppe B"]
[Site "Bad Homburg vor der Höhe"]
[Date "2025.06.20"]
[Round "4.42"]
[White "Benz, Jürgen"]
[Black "Derr, Georg"]
[Result "1-0"]
[WhiteElo "1676"]
[BlackElo "1586"]
[PlyCount "83"]
[EventDate "2025.06.18"]
[WhiteTeam "SK Bad Homburg 1927"]
[BlackTeam "VSG 1880 Offenbach"]

1. d4 d5 2. c4 c6 3. Nf3 Nf6 4. Nc3 e6 5. a3 Nbd7 6. Bf4 Be7 7. h3 Qb6 8. Qc2 h6 9. e3 O-O 10. Bd3 dxc4 11. Bxc4 Nd5 12. Bh2 Qa5 13. O-O b5 14. Ba2 Ba6 15. b4 Qd8 16. Nxd5 cxd5 17. Rac1 Rc8 18. Qd3 Nb6 19. Bb1 f5 20. Ne5 Qe8 21. g4 Bd6 22. Kh1 Bxe5 23. Bxe5 Nc4 24. Bf4 Qf7 25. Rg1 Kh8 26. g5 Qh5 27. Kh2 Rg8 28. Bc2 Qf3 29. Rg2 Qh5 30. Bd1 Qh4 31. Be2 Nb2 32. Qd2 Rxc1 33. Qxc1 Nc4 34. Qg1 h5 35. g6 Nxa3 36. Rg5 Rc8 37. Rxh5+ Qxh5 38. Bxh5 Nc2 39. Qg5 Nxb4 40. Be5 Kg8 41. Qe7 Rc7 42. Qe8# 1-0

[Event "XXVII. Rhein-Main-Open, Gruppe B"]
[Site "Bad Homburg vor der Höhe"]
[Date "2025.06.21"]
[Round "5.1"]
[White "Kolker, Vladislav"]
[Black "Bremer, Vincent"]
[Result "0-1"]
[WhiteElo "1830"]
[BlackElo "1973"]
[PlyCount "116"]
[EventDate "2025.06.18"]
[WhiteTeam "SC Bad Nauheim"]
[BlackTeam "TSG 1846 Bretzenheim/ZMO"]

1. e4 e6 2. Nf3 c5 3. b4 Nf6 4. e5 Nd5 5. bxc5 Bxc5 6. c3 O-O 7. d4 Be7 8. Bd3 f5 9. h3 Qc7 10. Bd2 b6 11. Qa4 a5 12. a3 Qa7 13. c4 Ba6 14. Ke2 Nc7 15. Nc3 Bb7 16. Rab1 Nc6 17. d5 exd5 18. cxd5 Nxe5 19. Nxe5 Rfe8 20. Kf1 b5 21. Nxb5 Nxb5 22. Qxb5 Qd4 23. Nf3 Qxd3+ 24. Qxd3 Ba6 25. Qxa6 Rxa6 26. a4 Bb4 27. g3 Re4 28. Be3 h6 29. Kg2 Bd6 30. Rb6 Rxb6 31. Bxb6 Rxa4 32. Rc1 Kf7 33. Bc7 Bb4 34. Nd4 Bd2 35. Rd1 Rxd4 36. Bxa5 Bc3 37. Rxd4 Bxd4 38. f4 Ke7 39. Bc7 d6 40. g4 g6 41. Kf3 Bc5 42. h4 h5 43. gxh5 gxh5 44. Ba5 Kd7 45. Ke2 Kc8 46. Bc3 Kb7 47. Bf6 Kb6 48. Kd3 Kb5 49. Be7 Ba3 50. Bf6 Kc5 51. Bg7 Kxd5 52. Bf6 Bc5 53. Be7 Bf2 54. Bf6 Bg3 55. Ke3 Kc4 56. Kf3 Be1 57. Ke2 Ba5 58. Be7 d5 0-1

[Event "XXVII. Rhein-Main-Open, Gruppe B"]
[Site "Bad Homburg vor der Höhe"]
[Date "2025.06.21"]
[Round "5.2"]
[White "Francke, Helmut"]
[Black "Ahrends, Norbert"]
[Result "0-1"]
[WhiteElo "1875"]
[BlackElo "1964"]
[PlyCount "68"]
[EventDate "2025.06.18"]
[WhiteTeam "SC Bad Nauheim"]
[BlackTeam "SK 1980 Gernsheim"]

1. Nf3 d5 2. g3 c6 3. Bg2 Bg4 4. d3 e6 5. Nbd2 Nd7 6. h3 Bh5 7. b3 Be7 8. Bb2 Bf6 9. c3 h6 10. Qc2 Bg6 11. b4 Ne7 12. O-O O-O 13. Nb3 Rc8 14. Qd2 b6 15. c4 Bxb2 16. Qxb2 dxc4 17. dxc4 c5 18. b5 Qc7 19. Rad1 Rcd8 20. Rd2 Nf6 21. Ne5 Rxd2 22. Nxd2 Rd8 23. Nxg6 Nxg6 24. Nf3 Qd6 25. Rc1 Ne4 26. Qa3 Rd7 27. Nh4 Nxh4 28. Bxe4 Ng6 29. Bxg6 fxg6 30. Qe3 e5 31. Qe4 Kh7 32. Kg2 Qf6 33. e3 Rd2 34. Rc2 Qxf2+ 0-1

[Event "XXVII. Rhein-Main-Open, Gruppe B"]
[Site "Bad Homburg vor der Höhe"]
[Date "2025.06.21"]
[Round "5.3"]
[White "Mühlpfordt, Werner"]
[Black "Fernandez Egea, Andres"]
[Result "1-0"]
[WhiteElo "1958"]
[BlackElo "1849"]
[PlyCount "29"]
[EventDate "2025.06.18"]
[WhiteTeam "SC 1997 Lambsheim"]
[BlackTeam "SF Frankfurt 1921"]

1. e4 c5 2. Nf3 Nc6 3. d4 cxd4 4. Nxd4 e5 5. Nb5 d6 6. c4 Be6 7. N1c3 a6 8. Na3 g6 9. Be2 Bg7 10. Be3 Nf6 11. Qd2 O-O 12. O-O Rc8 13. Rfd1 Nd4 14. Bxd4 Nxe4 15. Nxe4 1-0

[Event "XXVII. Rhein-Main-Open, Gruppe B"]
[Site "Bad Homburg vor der Höhe"]
[Date "2025.06.21"]
[Round "5.4"]
[White "Tsiapouris, Michael"]
[Black "Beier, Martin"]
[Result "1/2-1/2"]
[WhiteElo "1882"]
[BlackElo "1781"]
[PlyCount "26"]
[EventDate "2025.06.18"]
[WhiteTeam "SK Rochade Augsburg"]
[BlackTeam "SK Bad Homburg 1927"]

1. Nf3 e6 2. g3 d5 3. Bg2 c5 4. d3 Nc6 5. Nbd2 Bd6 6. e4 Nge7 7. O-O O-O 8. Nh4 d4 9. f4 e5 10. f5 f6 11. Nc4 Bc7 12. a4 Bd7 13. g4 g5 1/2-1/2

[Event "XXVII. Rhein-Main-Open, Gruppe B"]
[Site "Bad Homburg vor der Höhe"]
[Date "2025.06.21"]
[Round "5.6"]
[White "Beier, Claus Christian"]
[Black "Negru, Maximilian"]
[Result "0-1"]
[WhiteElo "1670"]
[BlackElo "1694"]
[PlyCount "130"]
[EventDate "2025.06.18"]
[WhiteTeam "SK Bad Homburg 1927"]
[BlackTeam "SK Bad Homburg 1927"]

1. e4 e6 2. d4 d5 3. exd5 exd5 4. Bd3 Nc6 5. c3 Bd6 6. Nf3 Nf6 7. Bg5 h6 8. Bh4 g5 9. Bg3 Ne7 10. Qc2 Be6 11. Nbd2 g4 12. Ne5 Nh5 13. O-O-O Nxg3 14. hxg3 c6 15. Rde1 Qc7 16. Ng6 Nxg6 17. Bxg6 O-O-O 18. Bf5 Bd7 19. Rh5 Rde8 20. Rxe8+ Rxe8 21. Qd1 Bxf5 22. Rxf5 Rg8 23. Nf1 Qe7 24. Ne3 Bxg3 25. Kd2 Bh4 26. Re5 Qf6 27. Nxg4 Qf4+ 28. Ne3 Rxg2 29. Kd3 Rxf2 30. Qg4+ Qxg4 31. Nxg4 Rxb2 32. Nxh6 f6 33. Rh5 Bg5 34. c4 dxc4+ 35. Kxc4 b5+ 36. Kc3 Rxa2 37. Nf5 a5 38. Rh7 b4+ 39. Kb3 Ra3+ 40. Kb2 Rc3 41. d5 cxd5 42. Ne7+ Kd8 43. Nxd5 Rc5 44. Nb6 Be3 45. Na4 Re5 46. Kb3 Bd4 47. Rh4 Ba7 48. Nb2 Re3+ 49. Ka4 Ra3+ 50. Kb5 Ra2 51. Nc4 b3 52. Rh8+ Ke7 53. Rh7+ Ke6 54. Rxa7 b2 55. Nd2 b1=Q+ 56. Nxb1 Rb2+ 57. Kc4 Rxb1 58. Rxa5 Rd1 59. Ra3 Kf5 60. Rd3 Rxd3 61. Kxd3 Kf4 62. Ke2 Kg3 63. Kf1 f5 64. Kg1 f4 65. Kf1 Kf3 0-1

[Event "XXVII. Rhein-Main-Open, Gruppe B"]
[Site "Bad Homburg vor der Höhe"]
[Date "2025.06.21"]
[Round "5.7"]
[White "Reinhardt, Anton"]
[Black "Schneider, Felix"]
[Result "1/2-1/2"]
[WhiteElo "1824"]
[BlackElo "1700"]
[PlyCount "33"]
[EventDate "2025.06.18"]
[WhiteTeam "Sabt Frankfurter TV 1860"]
[BlackTeam "SK Bad Homburg 1927"]

1. e4 c6 2. d4 d5 3. f3 dxe4 4. fxe4 e5 5. Nf3 Bg4 6. Bc4 Nd7 7. O-O Bd6 8. c3 Ngf6 9. Qe1 Bxf3 10. Rxf3 Qb6 11. Qe3 O-O 12. h3 exd4 13. cxd4 c5 14. d5 Ne5 15. Rg3 Nxc4 16. Rxg7+ Kxg7 17. Qg5+ 1/2-1/2

[Event "XXVII. Rhein-Main-Open, Gruppe B"]
[Site "Bad Homburg vor der Höhe"]
[Date "2025.06.21"]
[Round "5.8"]
[White "Meyer-Jany, Marcel"]
[Black "Aechtner, Folke"]
[Result "1/2-1/2"]
[WhiteElo "1810"]
[BlackElo "1741"]
[PlyCount "80"]
[EventDate "2025.06.18"]
[WhiteTeam "SK Herborn 1946"]

1. d4 d5 2. c4 c5 3. dxc5 d4 4. e3 e5 5. Nf3 Nc6 6. exd4 exd4 7. Bd3 Bxc5 8. O-O h6 9. Re1+ Be6 10. Bf5 Qd7 11. Qe2 O-O-O 12. Bxe6 fxe6 13. Qxe6 Qxe6 14. Rxe6 Nf6 15. Bf4 Rhe8 16. Rxe8 Rxe8 17. Nbd2 g5 18. Bg3 g4 19. Nb3 Ne4 20. Nxc5 Nxc5 21. Re1 Rd8 22. Ne5 Nxe5 23. Rxe5 Nd3 24. Rd5 Rxd5 25. cxd5 Nxb2 26. Kf1 d3 27. Bf4 h5 28. f3 gxf3 29. gxf3 Nc4 30. Kf2 Kd7 31. Bb8 a6 32. Ke1 b5 33. f4 a5 34. f5 d2+ 35. Ke2 d1=Q+ 36. Kxd1 Ne3+ 37. Kd2 Nxd5 38. Be5 Ne7 39. f6 Nd5 40. a3 Ke6 1/2-1/2

[Event "XXVII. Rhein-Main-Open, Gruppe B"]
[Site "Bad Homburg vor der Höhe"]
[Date "2025.06.21"]
[Round "5.9"]
[White "Schlömer, Andreas"]
[Black "Reimer, Otto"]
[Result "0-1"]
[WhiteElo "1759"]
[BlackElo "1912"]
[PlyCount "84"]
[EventDate "2025.06.18"]
[WhiteTeam "SK Upland Willingen"]
[BlackTeam "SK Bad Homburg 1927"]

1. c4 c5 2. g3 Nf6 3. Bg2 Nc6 4. Nc3 e6 5. Nf3 g6 6. d4 cxd4 7. Nxd4 a6 8. Nxc6 bxc6 9. O-O Qc7 10. Bf4 e5 11. Bg5 Bg7 12. Rc1 h6 13. Bd2 Rb8 14. b3 d6 15. Ne4 Nxe4 16. Bxe4 Bh3 17. Bg2 Bf5 18. Bc3 O-O 19. Qd2 Rfe8 20. Rfd1 Bf8 21. Bb4 c5 22. Ba5 Qd7 23. Qd5 Qa7 24. Qd2 e4 25. Qf4 Qd7 26. Bc3 Kh7 27. g4 Bxg4 28. Qf6 g5 29. Qh8+ Kg6 30. Qf6+ Kh5 31. f3 exf3 32. exf3 Bf5 33. h4 Qe6 34. hxg5 Qe3+ 35. Kh1 Qxg5 36. Qxf7+ Bg6 37. Qd5 Re2 38. Qxg5+ hxg5 39. Rd2 Rbe8 40. Rcc2 Bxc2 41. Rxe2 Rxe2 42. f4 Be4 0-1

[Event "XXVII. Rhein-Main-Open, Gruppe B"]
[Site "Bad Homburg vor der Höhe"]
[Date "2025.06.21"]
[Round "5.11"]
[White "Hensel, Roman"]
[Black "Graf, Michael"]
[Result "1-0"]
[WhiteElo "1779"]
[BlackElo "1724"]
[PlyCount "81"]
[EventDate "2025.06.18"]
[WhiteTeam "SV Oberursel"]
[BlackTeam "Schachunion Schorndorf e.V."]

1. d4 Nf6 2. c4 e5 3. dxe5 Ng4 4. e4 Nxe5 5. f4 Nec6 6. Nc3 Bb4 7. Nge2 d6 8. a3 Bxc3+ 9. Nxc3 O-O 10. Be2 Nd7 11. O-O Nf6 12. f5 Re8 13. Bg5 Ne5 14. Nd5 Ned7 15. Qd4 c6 16. Nxf6+ Nxf6 17. Rad1 h6 18. Bh4 Qe7 19. Bf3 Qe5 20. Bxf6 gxf6 21. Qxd6 Qxb2 22. Rd4 Kg7 23. Bh5 Qc3 24. Rd3 Qe5 25. Rg3+ Kh7 26. Qxe5 Rxe5 27. Rd1 b6 28. Rd8 Bb7 29. Rd7 Ba6 30. Rxf7+ Kh8 31. Rxf6 Kh7 32. Rgg6 Rd8 33. Rxh6+ Kg7 34. Rfg6+ Kf7 35. Re6+ Kg7 36. Rhg6+ Kh7 37. Rxe5 Bxc4 38. Re7+ Kh8 39. Rxc6 Bd3 40. f6 Bb5 41. Rcc7 1-0

[Event "XXVII. Rhein-Main-Open, Gruppe B"]
[Site "Bad Homburg vor der Höhe"]
[Date "2025.06.21"]
[Round "5.12"]
[White "Schneider, Wolfram"]
[Black "Lopez Fuertes, Victor"]
[Result "1-0"]
[WhiteElo "1937"]
[BlackElo "1749"]
[PlyCount "45"]
[EventDate "2025.06.18"]
[WhiteTeam "SK Bad Homburg 1927"]
[BlackTeam "SC 1910 Höchst"]

1. d4 b6 2. c4 Bb7 3. Nc3 e6 4. Nf3 Nf6 5. a3 a6 6. d5 exd5 7. cxd5 d6 8. g3 Nbd7 9. Bg2 g6 10. Nd4 Bg7 11. O-O O-O 12. Bf4 Nh5 13. Be3 Ne5 14. b3 Qe8 15. h3 Rc8 16. Rc1 Ba8 17. Kh2 c5 18. dxc6 Nxc6 19. Nd5 Qd8 20. Nxb6 Qxb6 21. Nxc6 Qb7 22. Qxd6 Rfe8 23. Ne7+ 1-0

[Event "XXVII. Rhein-Main-Open, Gruppe B"]
[Site "Bad Homburg vor der Höhe"]
[Date "2025.06.21"]
[Round "5.14"]
[White "Ermel, Alek"]
[Black "Hofmann, Werner"]
[Result "0-1"]
[WhiteElo "1760"]
[BlackElo "1780"]
[PlyCount "38"]
[EventDate "2025.06.18"]
[BlackTeam "SV 1920 Kelsterbach"]

1. Nf3 d5 2. d4 e6 3. Bf4 c6 4. e3 Nd7 5. c3 f5 6. Nbd2 Ngf6 7. Bd3 Be7 8. Nb3 O-O 9. O-O Ne4 10. Bc2 g5 11. Be5 g4 12. Nfd2 Nxe5 13. dxe5 Qc7 14. f4 gxf3 15. Nxf3 Kh8 16. Nbd4 Rg8 17. Ne2 Bc5 18. Ned4 Qg7 19. Qe2 Bd7 0-1

[Event "XXVII. Rhein-Main-Open, Gruppe B"]
[Site "Bad Homburg vor der Höhe"]
[Date "2025.06.21"]
[Round "5.15"]
[White "Friedel, Thomas"]
[Black "Nahler, Michael"]
[Result "0-1"]
[WhiteElo "1721"]
[BlackElo "1857"]
[PlyCount "96"]
[EventDate "2025.06.18"]
[WhiteTeam "SV 1946 Groß-Gerau"]
[BlackTeam "SV Oberursel"]

1. Nf3 d5 2. d4 Nf6 3. c4 c6 4. Nc3 dxc4 5. e4 b5 6. b3 b4 7. e5 bxc3 8. exf6 exf6 9. Bxc4 Be7 10. Qc2 Bg4 11. Qxc3 Bxf3 12. gxf3 O-O 13. Bb2 Nd7 14. O-O Nb6 15. Bd3 Qd7 16. Rac1 Rac8 17. Qc2 g6 18. Qd2 Nd5 19. Rfe1 Bb4 20. Qh6 Bxe1 21. Rxe1 Rfe8 22. Rc1 Qd6 23. Kh1 Qf4 24. Qxf4 Nxf4 25. Be4 Nd5 26. Ba3 f5 27. Bd3 Red8 28. Bc5 Rc7 29. Ba6 Nf4 30. Bc4 Ne6 31. Bxe6 fxe6 32. Re1 Kf7 33. Re5 g5 34. Kg2 Rd5 35. Kg3 Rxe5 36. dxe5 f4+ 37. Kg2 Rb7 38. b4 a6 39. Kf1 Kg6 40. Ke2 a5 41. a3 axb4 42. axb4 Kf5 43. Bd6 Ra7 44. Kf1 Ra2 45. Ke1 Kg6 46. Kf1 Kf5 47. Ke1 Ra1+ 48. Ke2 Rh1 0-1

[Event "XXVII. Rhein-Main-Open, Gruppe B"]
[Site "Bad Homburg vor der Höhe"]
[Date "2025.06.21"]
[Round "5.17"]
[White "Wolf, Helena"]
[Black "Nikonenko, Hlib"]
[Result "0-1"]
[WhiteElo "1702"]
[BlackElo "1667"]
[PlyCount "90"]
[EventDate "2025.06.18"]
[WhiteTeam "SK Bad Homburg 1927"]
[BlackTeam "SV Oberursel"]

1. e4 e6 2. d4 d5 3. Bd3 Nf6 4. e5 Nfd7 5. Nf3 c5 6. c3 Nc6 7. Qc2 h6 8. O-O Qb6 9. Be3 cxd4 10. Bxd4 Bc5 11. Bxc5 Nxc5 12. b3 Bd7 13. Nbd2 Rc8 14. Rfe1 O-O 15. Rac1 Rc7 16. Qb1 Rfc8 17. c4 Nb4 18. Bh7+ Kh8 19. a3 Nba6 20. b4 Na4 21. c5 N6xc5 22. bxc5 Rxc5 23. Rxc5 Rxc5 24. h3 Rb5 25. Qd1 Nc3 26. Qa1 Rc5 27. Bd3 Bb5 28. Bxb5 Qxb5 29. Kh1 b6 30. Rc1 Qd3 31. Nb1 d4 32. Qb2 Rb5 33. Qa1 Rxb1 34. Rxb1 Qxb1+ 35. Qxb1 Nxb1 36. Nxd4 Nxa3 37. Kg1 Kg8 38. Kf1 Kf8 39. Ke2 Ke8 40. Kd3 a6 41. Kc3 b5 42. Kb4 Nc4 43. f4 Kd7 44. Nb3 Kc6 45. Nd4+ Kd5 0-1